| 000 | 01323nam a2200301Ia 4500 | ||
|---|---|---|---|
| 999 |
_c5404 _d5404 |
||
| 003 | OSt | ||
| 005 | 20200520173516.0 | ||
| 008 | 191128s1980 sp ad gr 001 0dspa d | ||
| 020 | _a847162821X | ||
| 040 |
_aCO-JMCR _cCO-JMCR |
||
| 041 | 0 |
_aspa _heng |
|
| 082 | 0 | 4 |
_a330.09 / _bK666t _223 |
| 100 | 1 |
_aKoopmans, Tjalling C., _eautor _94590 |
|
| 245 | 1 | 0 |
_aTres ensayos sobre el Estado de la ciencia económica : _b y los conceptos de optimalidad y su utilización / _cTjalling C. Koopmans ; traducción de Salvador Barberá y Javier Ruiz-Castillo |
| 260 |
_aBarcelona : _bAntoni Bosch, _c1980 |
||
| 300 |
_axiv, 279 páginas : _bgráficos a blanco y negro ; _c22 cm. |
||
| 490 |
_aEconomía ; _v4 |
||
| 500 | _aIncluye datos biográficos del autor en la solapa. | ||
| 504 | _aBibliografía: páginas 261-265 | ||
| 505 | _aAsignación de recursos y sistema de precios -- La construcción del conocimiento económico -- La interacción de instrumentos y problemas en economía | ||
| 534 | _pThree essays on the state of economic science | ||
| 546 | _aTraducido del inglés | ||
| 650 | 1 | 4 |
_aEconomía _xAsignación de recursos Precios _94591 |
| 650 | 2 | 4 |
_aConocimiento económico _94592 |
| 700 | 1 |
_aBarberá, Salvador, _etraductor _94593 |
|
| 700 | 1 |
_a Ruiz-Castillo, Javier, _etraductor _94594 |
|
| 942 |
_2ddc _cBK |
||